El castillo mágico 3: ejercicios y actividades para el desarrollo integral del niño
Gardado en:
| Autor Principal: | |
|---|---|
| Formato: | Libro |
| Idioma: | Lingua castelá |
| Publicado: |
Ciudad de México
Trillas
1995
|
| Edición: | 2a. ed |
| Subjects: | |
| Tags: |
Engadir etiqueta
Sen Etiquetas, Sexa o primeiro en etiquetar este rexistro!
|
MARC
| LEADER | 00000nam a2200000 a 4500 | ||
|---|---|---|---|
| 001 | UCN1933 | ||
| 003 | CL-VaPUC | ||
| 008 | 010504e19950000MX |||||||||||||||||spa|d | ||
| 082 | 0 | 4 | |a 372.21 |b AUD |2 21 |
| 100 | 0 | |a Audry, Ofelia |e author |9 457516 | |
| 245 | 1 | 3 | |a El castillo mágico 3: ejercicios y actividades para el desarrollo integral del niño |
| 250 | |a 2a. ed | ||
| 300 | |a 183 p | ||
| 942 | |c BK | ||
| 945 | |d 20010504 00:00:00 |a cmena | ||
| 260 | |a Ciudad de México |b Trillas |c 1995 | ||
| 650 | 0 | |a Educación preescolar |9 260381 | |
| 650 | 0 | |a Psicología educacional |9 307830 | |
| 650 | 0 | |a Métodos de enseñanza |9 270413 | |
| 650 | 0 | |a Actividades educativas |9 308316 | |
| 650 | 0 | |a Desarrollo individual |9 307875 | |
| 583 | |a last modification |c 20010504 00:00:00 |k Rodrigo Vera | ||
| 999 | |c 295156 |d 295154 | ||
| 952 | |0 0 |1 0 |4 0 |6 372_210000000000000_AUD_1995 |7 0 |8 A |9 348087 |a BIBEDU |b BIBEDU |c ES_NOD |d 2019-11-20 |i 3718514 |o 372.21 AUD 1995 |p 3718514 |r 2023-08-09 |w 2019-11-20 |y BK |k EPE | ||